Course preferences of 4th year secondary students of selected High School in Rosario, Cavite (Record no. 3926)
[ view plain ]
| 000 -LEADER | |
|---|---|
| fixed length control field | 01269nam a22002897a 4500 |
| 003 - CONTROL NUMBER IDENTIFIER | |
| control field | OSt |
| 005 - DATE AND TIME OF LATEST TRANSACTION | |
| control field | 20250320221312.0 |
| 008 - FIXED-LENGTH DATA ELEMENTS--GENERAL INFORMATION | |
| fixed length control field | 250307b ||||| |||| 00| 0 eng d |
| 040 ## - CATALOGING SOURCE | |
| Language of cataloging | English. |
| Transcribing agency | CvSU-CCAT Campus Library. |
| Description conventions | rda. |
| 050 ## - LIBRARY OF CONGRESS CALL NUMBER | |
| Classification number | UM HF 5382 |
| Item number | M47 2011 |
| 100 ## - MAIN ENTRY--PERSONAL NAME | |
| Personal name | Mercado, Joana June L., author. |
| 9 (RLIN) | 14776 |
| 245 ## - TITLE STATEMENT | |
| Title | Course preferences of 4th year secondary students of selected High School in Rosario, Cavite |
| Statement of responsibility, etc. | Joana June L. Mercado and Hiyasmin Jimina B. Punongbayan. |
| 260 ## - PUBLICATION, DISTRIBUTION, ETC. | |
| Place of publication, distribution, etc. | Rosario, Cavite : |
| Name of publisher, distributor, etc. | Cavite State University-CCAT Campus, |
| Date of publication, distribution, etc. | 2011 |
| 300 ## - PHYSICAL DESCRIPTION | |
| Extent | x, 35 leaves : |
| Other physical details | illustrations ; |
| Dimensions | 28 cm |
| 500 ## - GENERAL NOTE | |
| General note | Undergraduate Thesis (BSIE) -- Cavite State University-CCAT Campus, 2011. |
| 504 ## - BIBLIOGRAPHY, ETC. NOTE | |
| Bibliography, etc. note | Includes bibliographical references and appendices. |
| 520 ## - SUMMARY, ETC. | |
| Thesis Abstract | <a href="Link">Link</a> |
| 546 ## - LANGUAGE NOTE | |
| Language note | In English text |
| 650 ## - SUBJECT ADDED ENTRY--TOPICAL TERM | |
| Topical term or geographic name entry element | Course preferences -- Secondary students. |
| 9 (RLIN) | 15273 |
| 650 ## - SUBJECT ADDED ENTRY--TOPICAL TERM | |
| Topical term or geographic name entry element | Career choice -- High school seniors. |
| 9 (RLIN) | 15274 |
| 650 ## - SUBJECT ADDED ENTRY--TOPICAL TERM | |
| Topical term or geographic name entry element | Student interests. |
| 9 (RLIN) | 15275 |
| 650 ## - SUBJECT ADDED ENTRY--TOPICAL TERM | |
| Topical term or geographic name entry element | Program selection -- Secondary students. |
| 9 (RLIN) | 15276 |
| 700 ## - ADDED ENTRY--PERSONAL NAME | |
| Personal name | Punongbayan, Hiyasmin Jimina B., author. |
| 9 (RLIN) | 14777 |
| 700 ## - ADDED ENTRY--PERSONAL NAME | |
| Personal name | Lisondra, Remedios G., adviser. |
| 9 (RLIN) | 9972 |
| 942 ## - ADDED ENTRY ELEMENTS (KOHA) | |
| Source of classification or shelving scheme | Library of Congress Classification |
| Koha item type | Thesis/Manuscripts/Dissertations |
| Call number prefix | UM |
| Classification part | HF 5382 M47 2011 |
| Withdrawn status | Lost status | Source of classification or shelving scheme | Damaged status | Not for loan | Collection code | Home library | Current library | Shelving location | Date acquired | Coded location qualifier | Full call number | Barcode | Date last seen | Copy number | Price effective from | Koha item type |
|---|---|---|---|---|---|---|---|---|---|---|---|---|---|---|---|---|
| Library of Congress Classification | Thesis/Manuscript/Dissertation | Cavite State University - CCAT Campus | Cavite State University - CCAT Campus | TH | 07/07/2011 | UM | UM HF 5382 M47 2011 | T0000545 | 10/24/2025 | 1 | 03/07/2025 | Thesis/Manuscripts/Dissertations |
